[Event "Budapest FS11 FM-B"]
[Site "Budapest"]
[Date "2013.11.08"]
[Round "7"]
[White "Toth, Laszlo G"]
[Black "Szlenka, Attila"]
[Result "1/2-1/2"]
[WhiteElo "1683"]
[BlackElo "1821"]
[PlyCount "59"]
[EventDate "2013.11.02"]
[EventType "tourn"]
[EventRounds "11"]
[EventCountry "HUN"]
[SourceTitle "EXT 2015"]
[Source "ChessBase"]
[SourceDate "2014.11.20"]
[SourceVersion "1"]
[SourceVersionDate "2014.11.20"]
[SourceQuality "1"]

1. e4 Nf6 2. Nc3 d5 3. exd5 Nxd5 4. Bc4 c6 5. Qf3 e6 6. Nge2 Nd7 7. d4 Be7 8. 0-0 N7f6 9. Nxd5 exd5 10. Bd3 h6 11. h3 g5 12. Bf5 Be6 13. Re1 Qd7 14. Ng3 0-0-0 15. Bxe6 fxe6 16. Qe2 Bd6 17. Qxe6 Bxg3 18. Qxd7+ Kxd7 19. fxg3 Ne4 20. Kh2 Rdf8 21. Be3 Rf6 22. b3 Rhf8 23. c4 a6 24. c5 Kc7 25. b4 Ra8 26. a4 Kd7 27. g4 Raf8 28. Reb1 Nc3 29. Re1 Ne4 30. Kg1 1/2-1/2

[Event "Budapest Karacsonyi op 4th"]
[Site "Budapest"]
[Date "2012.12.28"]
[Round "3"]
[White "Toth, Laszlo G"]
[Black "Krstulovic, Alex"]
[Result "0-1"]
[WhiteElo "1631"]
[BlackElo "1845"]
[PlyCount "74"]
[EventDate "2012.12.27"]
[EventType "swiss"]
[EventRounds "7"]
[EventCountry "HUN"]
[SourceTitle "EXT 2014"]
[Source "ChessBase"]
[SourceDate "2013.11.20"]
[SourceVersion "1"]
[SourceVersionDate "2013.11.20"]
[SourceQuality "1"]

1. e4 c5 2. Nc3 d6 3. g3 Nc6 4. Bg2 e6 5. d3 Nf6 6. f4 Be7 7. Nf3 0-0 8. 0-0 Nd4 9. Ne2 Qb6 10. c3 Nxf3+ 11. Bxf3 Bd7 12. Qc2 Rac8 13. Be3 Qc7 14. g4 Ne8 15. f5 exf5 16. exf5 d5 17. Bxd5 Nf6 18. Bf4 Bd6 19. Bxd6 Qxd6 20. Bf3 Bc6 21. g5 Nd5 22. Qd2 Rce8 23. Ng3 Ne3 24. Rf2 Bxf3 25. Rxf3 Qe5 26. Re1 Nc4 27. Rxe5 Nxd2 28. Rxe8 Nxf3+ 29. Kf2 Rxe8 30. Kxf3 Re1 31. d4 cxd4 32. cxd4 Ra1 33. Ke4 Rxa2 34. Kd5 Rxb2 35. Ne4 a5 36. Kd6 a4 37. Nc3 a3 0-1